| 000 | 00415cam a2200157ua 4500 | ||
|---|---|---|---|
| 041 |
_aeng _h |
||
| 082 |
_a690 _bMOX/MI |
||
| 100 | _aMaxley , Raymand . | ||
| 245 |
_aMitchell`s Elementary Building Construction / _cMoxley Raymand. _hTextual Documents |
||
| 260 |
_aBombay : _bAllied Publishers Pvt Ltd , _c1959. |
||
| 300 | _a376 ; . | ||
| 504 | _a | ||
| 942 | _cBK | ||
| 999 |
_c3238 _d3238 |
||